North American City by Landmark II Quiz Stats

Quiz Updated Oct 18, 2016

Challenge
Share
Tweet
Score 0/25 Timer 07:00
1 Play Today
# City % Correct
8Washington (US Capitol)
95.1%
4Las Vegas (Paris Las Vegas Hotel)
90.2%
6Philadelphia (Liberty Bell)
89.2%
2Chicago (Willis Tower)
79%
1Boston (Fenway Park)
78.9%
16New York (Brooklyn Bridge)
78.2%
3Indianapolis (Motor Speedway)
76%
13San Francisco (Alcatraz)
71.7%
7Los Angeles (Grauman's Theatre)
59.7%
5Denver (Airport)
27.3%
10Pittsburgh (Point Park)
26.7%
19Quebec City (Château Frontenac)
19.4%
17Detroit (Renaissance Center)
18.2%
# City % Correct
11Mexico City (Cathedral)
16.2%
14Panama City (Panama Canal)
14.8%
18Minneapolis (Spoon and Cherry)
11.6%
21Montreal (St. Joseph's)
10.9%
20Austin (State Capitol)
7.8%
9San Diego (Balboa Park)
6.8%
22Cincinnati (Union Terminal)
5.3%
24Nashville (Ryman Auditorium)
5%
12Kansas City (Liberty Memorial)
3.8%
23Jacksonville (Main St. Bridge)
2.9%
15Portland (Pioneer Courthouse)
1.9%
25Guadalajara (Cathedral)
1.4%

You're not logged in!

Compare scores with friends on all Sporcle quizzes.
Join for Free
OR
Log In

You Might Also Like...

Show Comments

Extras

Top Quizzes Today


Score Distribution

Your Account Isn't Verified!

In order to create a playlist on Sporcle, you need to verify the email address you used during registration. Go to your Sporcle Settings to finish the process.

Report this User

Report this user for behavior that violates our Community Guidelines.

Details: